<?xml version="1.0" encoding="UTF-8"?><?xml-stylesheet type="text/xsl" href="static/style.xsl"?><OAI-PMH xmlns="http://www.openarchives.org/OAI/2.0/" xmlns:xsi="http://www.w3.org/2001/XMLSchema-instance" xsi:schemaLocation="http://www.openarchives.org/OAI/2.0/ http://www.openarchives.org/OAI/2.0/OAI-PMH.xsd"><responseDate>2026-04-19T11:31:38Z</responseDate><request verb="GetRecord" identifier="oai:www.recercat.cat:2117/447077" metadataPrefix="marc">https://recercat.cat/oai/request</request><GetRecord><record><header><identifier>oai:recercat.cat:2117/447077</identifier><datestamp>2025-12-06T05:31:33Z</datestamp><setSpec>com_2072_1033</setSpec><setSpec>col_2072_452951</setSpec></header><metadata><record xmlns="http://www.loc.gov/MARC21/slim" xmlns:dcterms="http://purl.org/dc/terms/" xmlns:xsi="http://www.w3.org/2001/XMLSchema-instance" xmlns:doc="http://www.lyncode.com/xoai" xsi:schemaLocation="http://www.loc.gov/MARC21/slim http://www.loc.gov/standards/marcxml/schema/MARC21slim.xsd">
   <leader>00925njm 22002777a 4500</leader>
   <datafield ind2=" " ind1=" " tag="042">
      <subfield code="a">dc</subfield>
   </datafield>
   <datafield ind2=" " ind1=" " tag="720">
      <subfield code="a">Velilla Recio, Diego</subfield>
      <subfield code="e">author</subfield>
   </datafield>
   <datafield ind2=" " ind1=" " tag="260">
      <subfield code="c">2025-06-25</subfield>
   </datafield>
   <datafield ind2=" " ind1=" " tag="520">
      <subfield code="a">La inteligencia artificial generativa ha tenido una rápida evolución estos últimos años, marcando un nuevo cambio de paradigma, afectando tanto a las vidas del personal técnico como a las de los que no lo son. Debido al mundo tan digitalizado en el que vivimos, una de las aplicaciones más útiles de esta nueva tecnología es la generación de datos en formato tabular. Los datos tabulares se usan a diario para tomar decisiones y hacer predicciones en todas las industrias. Es por eso que la investigación y desarrollo de herramientas que faciliten la obtención o el tratamiento de este tipo de datos es de vital importancia. Este proyecto tiene como objetivo la creación de una librería de Python que implemente varios modelos de estado del arte para la generación de datos en formato tabular y que contenga herramientas para evaluar el rendimiento de los datos generados. Todo el código fuente se puede encontrar en el siguiente repositorio de GitHub: https://github.com/diegovelilla/TFG.</subfield>
   </datafield>
   <datafield ind2=" " ind1=" " tag="520">
      <subfield code="a">Generative artificial intelligence has undergone rapid evolution in recent years, setting a new paradigm shift, affecting the lives of both technical and non-technical personnel. Due to the highly digitalized world we live in, one of the most useful applications of this new technology is the generation of data in tabular format. Tabular data is used daily to make decisions and predictions in all industries, which is why the research and development of tools that facilitate the gathering or processing of this type of data is vitally important. This project aims to create a Python library that implements several state-of-the-art models for generating data in tabular format that also contains tools to evaluate the performance of the generated data. All source code can be found in the following GitHub repository: https://github.com/diegovelilla/TFG.</subfield>
   </datafield>
   <datafield ind2=" " ind1=" " tag="520">
      <subfield code="a">La intel·ligència artificial generativa ha patit una ràpida evolució aquests darrers anys, marcant un nou canvi de paradigma, afectant tant les vides del personal tècnic com les dels que no ho són. A causa del món tan digitalitzat on vivim, una de les aplicacions més útils d'aquesta nova tecnologia és la generació de dades en format tabular. Les dades tabulars s'usen diàriament per prendre decisions i fer prediccions a totes les indústries. És per això que la recerca i el desenvolupament d'eines que facilitin l'obtenció o el tractament d'aquest tipus de dades és de vital importància. Aquest projecte té com a objectiu crear una llibreria de Python que implementi diversos models d'estat de l'art per a la generació de dades en format tabular i que contingui eines per avaluar el rendiment de les dades generades. Tot el codi font pot ser trobat al següent repositori de GitHub: https://github.com/diegovelilla/TFG.</subfield>
   </datafield>
   <datafield ind1="8" ind2=" " tag="024">
      <subfield code="a">http://hdl.handle.net/2117/447077</subfield>
   </datafield>
   <datafield tag="653" ind2=" " ind1=" ">
      <subfield code="a">Àrees temàtiques de la UPC::Informàtica::Llenguatges de programació::Python</subfield>
   </datafield>
   <datafield tag="653" ind2=" " ind1=" ">
      <subfield code="a">Python (Computer program language)</subfield>
   </datafield>
   <datafield tag="653" ind2=" " ind1=" ">
      <subfield code="a">Computer software-- Development</subfield>
   </datafield>
   <datafield tag="653" ind2=" " ind1=" ">
      <subfield code="a">Artificial intelligence</subfield>
   </datafield>
   <datafield tag="653" ind2=" " ind1=" ">
      <subfield code="a">Intel·ligència artificial generativa</subfield>
   </datafield>
   <datafield tag="653" ind2=" " ind1=" ">
      <subfield code="a">Dades tabulars</subfield>
   </datafield>
   <datafield tag="653" ind2=" " ind1=" ">
      <subfield code="a">Aprenentatge automàtic</subfield>
   </datafield>
   <datafield tag="653" ind2=" " ind1=" ">
      <subfield code="a">Generative artificial intelligence</subfield>
   </datafield>
   <datafield tag="653" ind2=" " ind1=" ">
      <subfield code="a">Tabular data</subfield>
   </datafield>
   <datafield tag="653" ind2=" " ind1=" ">
      <subfield code="a">Machine learning</subfield>
   </datafield>
   <datafield tag="653" ind2=" " ind1=" ">
      <subfield code="a">Python (Llenguatge de programació)</subfield>
   </datafield>
   <datafield tag="653" ind2=" " ind1=" ">
      <subfield code="a">Programari--Desenvolupament</subfield>
   </datafield>
   <datafield tag="653" ind2=" " ind1=" ">
      <subfield code="a">Intel·ligència artificial</subfield>
   </datafield>
   <datafield ind2="0" ind1="0" tag="245">
      <subfield code="a">Métodos de generación de datos sintéticos tabulares basados en inteligencia artificial para aumentación de datos</subfield>
   </datafield>
</record></metadata></record></GetRecord></OAI-PMH>